Sports Quiz

Random Sports Quiz

Top 10 Switch Hit Homerun Leaders Quiz Stats

Quiz not verified by Sporcle

Challenge
Share
Tweet
Embed
Score 0/10 Timer 05:00
0 Plays Today
# of Homeruns Player % Correct
536Mickey Mantle
91.7%
504Eddie Murray
77.3%
436Chipper Jones *active
74.2%
327Lance Berkman *active
37.1%
350Chili Davis
25.8%
280Carlos Beltran *active
25.8%
287Bernie Williams
19.7%
314Reggie Smith
18.2%
287Bobby Bonilla
10.6%
306Ruben Sierra
9.1%

You're not logged in!

Compare scores with friends on all Sporcle quizzes.
Sign Up with Email
OR
Log In

You Might Also Like...

Show Comments

Extras

Top Quizzes Today


Score Distribution

Your Account Isn't Verified!

In order to create a playlist on Sporcle, you need to verify the email address you used during registration. Go to your Sporcle Settings to finish the process.